| 000 | 00392nam a22001457a 4500 | ||
|---|---|---|---|
| 999 |
_c7881 _d7881 |
||
| 003 | OSt | ||
| 005 | 20200528114905.0 | ||
| 008 | 200528b ||||| |||| 00| 0 eng d | ||
| 020 | _a9780727732392 | ||
| 082 |
_a363.377 _bPER |
||
| 100 | _aPerry, Pat, | ||
| 245 | _aFire safety questions and answers : a practical approach | ||
| 260 |
_bThomas Telford Publishing _cJanuary 1, 2003 |
||
| 942 | _2ddc | ||